Mulla On The Code Of Criminal Procedure 1973: Vol 3 (Record no. 233021)
[ view plain ]
| 000 -LEADER | |
|---|---|
| fixed length control field | 00675nam a22002297a 4500 |
| 005 - DATE AND TIME OF LATEST TRANSACTION | |
| control field | 20241217113856.0 |
| 008 - FIXED-LENGTH DATA ELEMENTS--GENERAL INFORMATION | |
| fixed length control field | 241217b ||||| |||| 00| 0 eng d |
| 020 ## - INTERNATIONAL STANDARD BOOK NUMBER | |
| International Standard Book Number | 9788193727942 |
| 040 ## - CATALOGING SOURCE | |
| Transcribing agency | AL |
| 041 ## - LANGUAGE CODE | |
| Language code of text/sound track or separate title | English |
| 082 ## - DEWEY DECIMAL CLASSIFICATION NUMBER | |
| Edition number | 23 |
| Classification number | 345.05 |
| Item number | MULM |
| 100 ## - MAIN ENTRY--PERSONAL NAME | |
| Personal name | Amar S Mulla and others |
| 100 ## - MAIN ENTRY--PERSONAL NAME | |
| 9 (RLIN) | 191359 |
| 245 ## - TITLE STATEMENT | |
| Title | Mulla On The Code Of Criminal Procedure 1973: Vol 3 |
| 250 ## - EDITION STATEMENT | |
| Edition statement | 21 |
| 260 ## - PUBLICATION, DISTRIBUTION, ETC. | |
| Place of publication, distribution, etc. | Delhi |
| Name of publisher, distributor, etc. | The Delhi Law House |
| Date of publication, distribution, etc. | 2023 |
| 300 ## - PHYSICAL DESCRIPTION | |
| Extent | 2974 p. |
| Other physical details | HB |
| Dimensions | 24x16 cm. |
| 365 ## - TRADE PRICE | |
| Price type code | 1172 |
| Price amount | ₹1825.00 |
| Currency code | ₹ |
| Unit of pricing | ₹2500.00 |
| Price note | 27% |
| Price effective from | 14-12-2024 |
| 440 ## - SERIES STATEMENT/ADDED ENTRY--TITLE | |
| Title | Volume 3 |
| 9 (RLIN) | 191360 |
| 650 ## - SUBJECT ADDED ENTRY--TOPICAL TERM | |
| Topical term or geographic name entry element | Criminal Procedure |
| 9 (RLIN) | 191361 |
| 700 ## - ADDED ENTRY--PERSONAL NAME | |
| Personal name | SAEED (Manzar) |
| 9 (RLIN) | 191362 |
| 942 ## - ADDED ENTRY ELEMENTS (KOHA) | |
| Source of classification or shelving scheme | Dewey Decimal Classification |
| Koha item type | Book |
| Withdrawn status | Lost status | Source of classification or shelving scheme | Damaged status | Not for loan | Collection code | Home library | Current library | Date acquired | Source of acquisition | Cost, normal purchase price | Total Checkouts | Full call number | Barcode | Date last seen | Cost, replacement price | Price effective from | Koha item type |
|---|---|---|---|---|---|---|---|---|---|---|---|---|---|---|---|---|---|
| Dewey Decimal Classification | Reference Book | Law | St Aloysius Law Library | St Aloysius Law Library | 12/14/2024 | MPP House,Bengaluru | 1825.00 | 345.05 MULM | LL002283 | 12/17/2024 | 2500.00 | 12/17/2024 | Book |